सृष्टी रंजन वातावरण (Record no. 1076303)

MARC details
000 -LEADER
fixed length control field 00701nam a2200193Ia 4500
008 - FIXED-LENGTH DATA ELEMENTS--GENERAL INFORMATION
fixed length control field 151119s9999||||xx |||||||||||||| ||und||
082 ## - DEWEY DECIMAL CLASSIFICATION NUMBER
Classification number 551पोखर/सृष्टीरं
082 ## - DEWEY DECIMAL CLASSIFICATION NUMBER
Item number GKKV23670
100 ## - MAIN ENTRY--PERSONAL NAME
Personal name पोखरकर प्रशांत
245 ## - TITLE STATEMENT
Title सृष्टी रंजन वातावरण
260 ## - PUBLICATION, DISTRIBUTION, ETC. (IMPRINT)
Place of publication, distribution, etc पुणे
260 ## - PUBLICATION, DISTRIBUTION, ETC. (IMPRINT)
Name of publisher, distributor, etc पुष्प प्रकाशन
260 ## - PUBLICATION, DISTRIBUTION, ETC. (IMPRINT)
Date of publication, distribution, etc 2002
600 ## - SUBJECT ADDED ENTRY--PERSONAL NAME
Personal name पोखरकर प्रशांत
630 ## - SUBJECT ADDED ENTRY--UNIFORM TITLE
Uniform title सृष्टी रंजन वातावरण
700 ## - ADDED ENTRY--PERSONAL NAME
Personal name पोखरकर प्रशांत
730 ## - ADDED ENTRY--UNIFORM TITLE
Uniform title सृष्टी रंजन वातावरण
942 ## - ADDED ENTRY ELEMENTS (KOHA)
Koha item type Book
Holdings
Withdrawn status Lost status Damaged status Not for loan Home library Current library Date acquired Cost, normal purchase price Total Checkouts Full call number Barcode Date last seen Cost, replacement price Price effective from Koha item type
        G.K. Khandekar Vachanalaya, Mulund G.K. Khandekar Vachanalaya, Mulund 02/04/2014 0.00   GKKV23670 GKKV23670 11/19/2015 0.00 11/19/2015 Book